Statistics for NFL Teams - No City in Name

Click here to take the quiz!

General Stats

  • This quiz has been taken 37 times
  • The average score is 4 of 6

Answer Stats

Answer% Correct
Arizona Cardinals
84%
New England Patriots
84%
Carolina Panthers
81%
Tennessee Titans
74%
Minnesota Vikings
68%
Tampa Bay Buccaneers
52%

Score Distribution

Percentile by Number Answered

Percent of People with Each Score

Your Score History

You have not taken this quiz